000 00445cam a2200145 4500500
005 20251228072949.0
041 _afre
042 _adc
100 1 0 _aChoquet, Sabine
_eauthor
245 0 0 _aPour une réécriture permanente de l'histoire.
260 _c2007.
500 _a52
786 0 _nCités | 29 | 1 | 2007-03-01 | p. 97-104 | 1299-5495
856 4 1 _uhttps://shs.cairn.info/revue-cites-2007-1-page-97?lang=fr&redirect-ssocas=7080
999 _c1594538
_d1594538